Literary Tautonyms Quiz Stats

 Plays Quiz Updated Dec 27, 2014

Also try: Literary Surnames
Challenge
Share
Tweet
Embed
Score 0/16 Timer 06:00
2 Plays Today
% Correct
Jean Valjean
89.9%
Bjørnstjerne Bjørnson
80.7%
Tintin
77.8%
Humbert Humbert
72.8%
Richie Rich
62%
Albert Albert
60.7%
Major Major Major Major
58.7%
Jerome K. Jerome
42%
% Correct
William Carlos Williams
40.7%
Ford Madox Ford
38.7%
Dr. Montgomery Montgomery
34.3%
James James Morrison Morrison Weatherby George Dupree
32.6%
E. Abbott Abbott
26.7%
Lady Clara Vere de Vere
25.3%
Holling C. Holling
21%
Jameson Jameson
18.6%

You're not logged in!

Compare scores with friends on all Sporcle quizzes.
OR
Log In

You Might Also Like...

Show Comments

Extras

Top Quizzes Today


Score Distribution

Your Account Isn't Verified!

In order to create a playlist on Sporcle, you need to verify the email address you used during registration. Go to your Sporcle Settings to finish the process.

Report this User

Report this user for behavior that violates our Community Guidelines.

Details: